000 00862nam a2200241 i 4500
001 bg
245 7 0 _aZaopatrzenie w wodę =
_bWater supply system /
_cpod red. Mariana Błażejewskiego, Krzysztofa Słysza ; Instytut Ochrony Środowiska.
246 1 1 _aWater supply system
260 _aWarszawa :
_bIOŚ,
_c1990.
300 _a201 s., [2] k.tabl. :
_brys. ;
_c21 cm.
490 1 _aPodstawy gospodarki wodno-ściekowej w miastach i osiedlach ;
_vz.4
504 _aBibliogr., summ. przy art.
650 9 _aWoda
_xzaopatrzenie
650 9 _aWodociągi
_xurządzenia
_xprojekty
700 1 _aBŁAŻEJEWSKI, Marian.
_eRed.
700 1 _aSŁYSZ, Krzysztof.
_eRed.
830 _aPodstawy gospodarki wodno-ściekowej w miastach i osiedlach ;
040 _cBPK
041 0 _apl
_ben
080 _a628.1
942 _cKS
008 s pl f |000 0 pol
999 _c30417
_d30417
856 _uhttp://koha.tu.koszalin.pl/cgi-bin/koha/opac-detail.pl?biblionumber=30417
_yKatalog online BPK